000 00656nam a2200193 i 4500
001 141441
003 ES-MaACL
005 20250815111835.0
007 t|
008 070924m19181919sp ||||1| spa d
100 1 _aVillavecchia, Vittorio.
_9115171
245 1 0 _aTratado de química analítica aplicada /
_cVittorio Villavecchia ; versión de José Estalella [y Graells].
260 _aBarcelona :
_bGustavo Gili,
_c1918-1919 (
_fGuinart y Pujolar)
300 _a2 v. ;
_c25 cm.
650 1 7 _aQuímica analítica
_2embne
_916630
700 1 _aEstalella Graells, José (
_d1879-1938)
_948004
852 _aES-MaACL
_jB-4574-75
999 _c141441
_d141441